| 000 | 00379nam a22001337a 4500 | ||
|---|---|---|---|
| 003 | SGT | ||
| 082 |
_a617.51 _bC10L |
||
| 100 | _aLAVEKAR, G.S,ED | ||
| 245 | _aCLINICAL SAFETY AND EFFICALY OF DHATRI LAAHA IN IRON DEFICIENCY ANAEMIA (PANDU ROGA) | ||
| 260 |
_aDELHI _bMINISTRY OF HEALTH & FAMILY WELFARE. _c2010 |
||
| 300 | _a179 | ||
| 650 | _aAYURVEDA (PANDU ROGA) | ||
| 942 |
_2ddc _cBK |
||
| 999 |
_c8659 _d8659 |
||